Bundesländer Hauptstädte - Statistiken

Allgemein
  • Dieses Quiz wurde 200 mal gespielt
  • Das Durchschnittsergebnis liegt bei 9 aus 12
Answers on the Grid
Answers color-coded by a green-red scale on the quiz's grid according to % correct below.
Flensburg
Rostock
Stuttgart
München
Braunschweig
Potsdam
Frankfurt a.m.
Mainz
Wiesbaden
Nürnberg
Halle
Erfurt
Dresden
Leipzig
Dortmund
Paderborn
Düsseldorf
Aachen
Regensburg
Greifswald
Magdeburg
Saarbrücken
Schwerin
Lübeck
Hannover
Passau
Ingolstadt
Wuppertal
Heidelberg
Rosenheim
 
Antwortstatistiken
Antwort % Korrekt
München
93%
Stuttgart
88%
Wiesbaden
78%
Mainz
77%
Potsdam
75%
Erfurt
73%
Dresden
69%
Düsseldorf
69%
Hannover
69%
Schwerin
68%
Magdeburg
66%
Saarbrücken
66%
Keine übereinstimmenden Quizze gefunden
Verteilung der Resultate
Anzahl Personen mit jedem Resultat
Perzentil nach korrekt beantworteten Fragen
Ihre Resultats-Entwicklung
Sie haben dieses Quiz noch nicht gespielt